| 000 | 01730cam a22004454a 4500 | ||
|---|---|---|---|
| 001 | 16370684 | ||
| 003 | NUST | ||
| 005 | 20220307150056.0 | ||
| 008 | 100802s2009 bg ab b 001 0 eng | ||
| 010 | _a 2010327409 | ||
| 020 | _a9789843303448 | ||
| 025 | _aB-E-2010-327409; 21-92; 04 | ||
| 037 | _bLibrary of Congress -- New Delhi Overseas Office | ||
| 038 | _awaseem | ||
| 040 |
_aDLC _cDLC _dDLC |
||
| 041 | 0 |
_aeng _aara _aper |
|
| 042 | _alcode | ||
| 043 | _aa-ii--- | ||
| 050 | 0 | 0 |
_aCN1173.B4 _bS525 2009 |
| 082 |
_a954.5492 _bSID |
||
| 100 | 1 |
_aSiddiq, Mohammad Yusuf. _990388 |
|
| 245 | 1 | 0 |
_aHistorical and cultural aspects of the Islamic inscriptions of Bengal : _ba reflective study of some new epigraphic discoveries / _cMohammad Yusuf Siddiq ; general editor, Enamul Haque. |
| 260 |
_aDhaka : _bInternational Centre for Study of Bengal Art, _c2009. |
||
| 300 |
_a316 p. : _bill., maps ; _c29 cm. |
||
| 490 | 0 |
_aStudies in Bengali art series ; _vno. 10 |
|
| 504 | _aIncludes bibliographical references (p. [299]-308) and index. | ||
| 546 | _aIncludes passages in Arabic and Persian. | ||
| 563 | _aHBK. | ||
| 650 | 0 |
_aIslamic inscriptions _zIndia _zBengal. _990389 |
|
| 650 | 0 |
_aIslamic inscriptions _zBangladesh. _990390 |
|
| 650 | 0 |
_aInscriptions, Arabic _zIndia _zBengal. _990391 |
|
| 650 | 0 |
_aInscriptions, Arabic _zBangladesh. _990392 |
|
| 651 | 0 |
_aBengal (India) _xCivilization _xIslamic influences. _990393 |
|
| 651 | 0 |
_aBengal (India) _xHistory. _990394 |
|
| 651 | 0 |
_aBangladesh _xHistory. _990395 |
|
| 710 | 2 |
_aInternational Centre for Study of Bengal Art. _990396 |
|
| 906 |
_a7 _bcbc _corigode _d3 _encip _f20 _gy-gencatlg |
||
| 942 |
_2ddc _cBK |
||
| 999 |
_c588633 _d588633 |
||